[Event "Astana Zhuldyzdary Open A"]
[Site "Astana KAZ"]
[Date "2023.07.12"]
[Round "3.12"]
[White "Stribuk, Artiom"]
[Black "Moiseenko, Alexander"]
[Result "1/2-1/2"]
[WhiteTitle "FM"]
[BlackTitle "GM"]
[WhiteElo "2408"]
[BlackElo "2575"]
[WhiteFideId "13515659"]
[BlackFideId "14102560"]
[EventDate "2023.07.11"]

1. d4 Nf6 2. c4 e6 3. Nf3 Bb4+ 4. Nbd2 O-O 5. g3 d5 6. Bg2 b6 7. O-O Bb7 8. a3
Be7 9. cxd5 exd5 10. b4 a5 11. b5 c6 12. Qa4 cxb5 13. Qxb5 Ba6 14. Qb2 Bxe2 15.
Re1 Ba6 16. Ne5 Ra7 17. Nf1 Nfd7 18. Bf4 Nxe5 19. Rxe5 Rd7 20. Ree1 Bc4 21. Ne3
b5 22. Nxc4 bxc4 23. Qb5 Bd6 24. Be5 Kh8 25. Qxd5 Bb4 26. Qxc4 Bxe1 27. Rxe1 f6
28. Bxb8 Qxb8 29. Bc6 Rdd8 30. d5 Qa7 31. a4 f5 32. Qf4 Qc5 33. Re5 Qd6 34. h4
Rb8 35. Bb5 h6 36. Kg2 Rf6 37. h5 Rbf8 38. Bc6 Kg8 39. Bb5 Rb8 40. Kg1 Rbf8 41.
Be8 Qb4 42. Qxb4 axb4 43. Bc6 f4 44. g4 b3 45. a5 b2 46. Re1 f3 47. Kh2 Rf4 48.
Kg3 Rb4 49. Rb1 Rff4 50. a6 Rxg4+ 51. Kxf3 Rgf4+ 52. Ke3 Rfe4+ 53. Kd3 Red4+ 1/2-1/2

[Event "Astana Zhuldyzdary Open A"]
[Site "Astana KAZ"]
[Date "2023.07.12"]
[Round "3.13"]
[White "Ansat, Aldiyar"]
[Black "Aditya, Mittal"]
[Result "0-1"]
[WhiteTitle "IM"]
[BlackTitle "GM"]
[WhiteElo "2400"]
[BlackElo "2563"]
[WhiteFideId "13715658"]
[BlackFideId "35042025"]
[EventDate "2023.07.11"]

1. e4 c5 2. Nf3 d6 3. d4 cxd4 4. Nxd4 Nf6 5. Nc3 a6 6. Bd3 e5 7. Nde2 Be7 8. O-O
O-O 9. Ng3 Be6 10. Nd5 Bxd5 11. exd5 g6 12. c4 Nbd7 13. Be3 Ne8 14. Kh1 Bg5 15.
f4 exf4 16. Bxf4 Bxf4 17. Rxf4 a5 18. Qd2 Ng7 19. Raf1 f5 20. Ne2 Qb6 21. Rh4
Rae8 22. Nd4 Nf6 23. Nb5 Ng4 24. h3 Qd8 25. g3 Nf6 26. Rhf4 Ngh5 27. R4f3 Ne4
28. Qg2 Ng5 29. Be2 Nxf3 30. Bxf3 Ng7 31. c5 dxc5 32. d6 b6 33. Rd1 f4 34. g4
Qh4 35. Kh2 Re3 36. d7 Ne6 37. Kh1 Re1+ 38. Rxe1 Qxe1+ 39. Kh2 Ng5 40. Bd5+ Kg7
41. Nd6 Rd8 42. Ne8+ Kf8 43. Bc6 f3 44. Qg3 Qxg3+ 45. Kxg3 Ke7 46. Ba4 Ne6 47.
g5 Nxg5 48. Nc7 Kd6 49. Ne8+ Ke5 0-1

[Event "Astana Zhuldyzdary Open A"]
[Site "Astana KAZ"]
[Date "2023.07.12"]
[Round "3.14"]
[White "Alekseev, Evgeny"]
[Black "Divya, Deshmukh"]
[Result "1-0"]
[WhiteTitle "GM"]
[BlackTitle "WGM"]
[WhiteElo "2563"]
[BlackElo "2400"]
[WhiteFideId "4138147"]
[BlackFideId "35006916"]
[EventDate "2023.07.11"]

1. e4 c5 2. Nf3 e6 3. d4 cxd4 4. Nxd4 Nf6 5. Nc3 Nc6 6. a3 Be7 7. Be3 O-O 8. Be2
d6 9. f4 e5 10. Nxc6 bxc6 11. fxe5 dxe5 12. Qxd8 Rxd8 13. Bc4 Ng4 14. Bg1 Bg5
15. Rd1 Be6 16. Bxe6 Rxd1+ 17. Kxd1 fxe6 18. Ke2 Rd8 19. Bxa7 Rd2+ 20. Kf3 h5
21. h3 Nf6 22. Rc1 Rxg2 23. Rg1 Rxg1 24. Bxg1 Kf7 25. a4 Ke8 26. a5 Kd8 27. Na4
Nd7 28. Nc5 Nxc5 29. Bxc5 Bc1 30. b4 Kc7 31. c4 Bb2 32. Ke3 Bd4+ 33. Bxd4 exd4+
34. Kxd4 g5 35. b5 c5+ 36. Ke5 h4 37. a6 g4 38. a7 Kb7 39. Kd6 1-0

[Event "Astana Zhuldyzdary Open A"]
[Site "Astana KAZ"]
[Date "2023.07.12"]
[Round "3.15"]
[White "Goganov, Aleksey"]
[Black "Kassimov, Baurzhan"]
[Result "1/2-1/2"]
[WhiteTitle "GM"]
[BlackTitle "IM"]
[WhiteElo "2531"]
[BlackElo "2304"]
[WhiteFideId "24109959"]
[BlackFideId "13704800"]
[EventDate "2023.07.11"]

1. d4 Nf6 2. c4 b6 3. Nc3 Bb7 4. Qc2 d5 5. cxd5 Nxd5 6. Nf3 Nxc3 7. bxc3 Nd7 8.
e4 e5 9. Bc4 Bd6 10. Bg5 Be7 11. h4 h6 12. Be3 Bd6 13. dxe5 Nxe5 14. Nxe5 Bxe5
15. f4 Bd6 16. e5 Qe7 17. O-O-O Ba3+ 18. Kb1 O-O 19. h5 Bc5 20. Bxc5 Qxc5 21.
Rd4 b5 22. Bb3 b4 23. Rxb4 Rab8 24. Rd1 a5 25. Rbd4 Bc8 26. Ka1 Bg4 27. Re1 Bf5
28. Qd2 Qe7 29. Bc2 Bxc2 30. Qxc2 Qh4 31. Qe2 Qg3 32. Qe3 Qxg2 33. Rd2 Qg4 34.
Rg1 Qxh5 35. Rdg2 Qf5 36. Rxg7+ Kh8 37. e6 fxe6 38. Qd4 e5 39. Qxe5 Qxe5 40.
fxe5 Rf1+ 41. Rxf1 Kxg7 42. Rg1+ Kf7 43. Rf1+ Kg7 44. Rg1+ Kf7 45. Rf1+ Kg7 1/2-1/2

[Event "Astana Zhuldyzdary Open A"]
[Site "Astana KAZ"]
[Date "2023.07.12"]
[Round "3.16"]
[White "Kuderinov, Kirill"]
[Black "Harutyunyan, Tigran K."]
[Result "0-1"]
[WhiteTitle "IM"]
[BlackTitle "GM"]
[WhiteElo "2386"]
[BlackElo "2526"]
[WhiteFideId "13701568"]
[BlackFideId "13303635"]
[EventDate "2023.07.11"]

1. e4 e5 2. Nf3 Nc6 3. Bb5 a6 4. Ba4 Nf6 5. O-O Be7 6. Re1 b5 7. Bb3 O-O 8. Nc3
d6 9. h3 Na5 10. d3 h6 11. Bd2 c6 12. Ne2 Nxb3 13. axb3 Re8 14. Ba5 Qd7 15. Ng3
Bf8 16. d4 exd4 17. Qxd4 c5 18. Qd3 Bb7 19. Bc3 Re6 20. b4 Qc6 21. Bxf6 Rxf6 22.
Nd2 Rc8 23. Nh5 Re6 24. Nf4 Re5 25. bxc5 dxc5 26. c4 Rce8 27. b3 f5 28. Nd5 Qg6
29. f3 fxe4 30. fxe4 Rg5 31. Nf4 Qf6 32. Nd5 Qe5 33. Nf3 Qg3 34. Qf1 Bd6 35. Qf2
Qxf2+ 36. Kxf2 Bg3+ 37. Kf1 Bxe1 38. Nxg5 Bg3 39. Nf3 Rxe4 40. Nc3 Re3 41. Ne2
Bd6 42. cxb5 axb5 0-1

[Event "Astana Zhuldyzdary Open A"]
[Site "Astana KAZ"]
[Date "2023.07.12"]
[Round "3.17"]
[White "Kamalidenova, Meruert"]
[Black "Nogerbek, Kazybek"]
[Result "1-0"]
[WhiteTitle "WIM"]
[BlackTitle "IM"]
[WhiteElo "2336"]
[BlackElo "2504"]
[WhiteFideId "13712802"]
[BlackFideId "13710427"]
[EventDate "2023.07.11"]

1. e4 Nc6 2. d4 d5 3. e5 Bf5 4. Bb5 Qd7 5. c3 e6 6. Ne2 Nge7 7. Ng3 Bg6 8. Nd2
a6 9. Ba4 f6 10. f4 Nf5 11. Nxf5 Bxf5 12. O-O Be7 13. Bc2 Bxc2 14. Qxc2 f5 15.
a4 Nd8 16. a5 Nf7 17. Nf3 h6 18. Be3 g5 19. c4 dxc4 20. Qxc4 g4 21. Nd2 Nd8 22.
Nb1 O-O 23. Nc3 c6 24. Na4 Qe8 25. Bd2 Rc8 26. Nb6 Rb8 27. Ra4 Rf7 28. Bb4 Bxb4
29. Rxb4 Re7 30. Qb3 Rh7 31. Nc4 Rd7 32. Nb6 Rh7 33. Nc4 Rd7 34. Nb6 Rc7 35. Na4
Rh7 36. Nc5 Qe7 37. Na4 Rc8 38. Nb6 Rc7 39. Na8 Rc8 40. Nb6 Rb8 41. Nc4 Qc7 42.
Nd6 Kh8 43. Rb6 h5 44. Rc1 h4 45. Rc3 Ra8 46. Qb4 Qg7 47. Rb3 Qh6 48. d5 g3 49.
h3 Qh5 50. Rf3 cxd5 51. Rf1 Nc6 52. Qc3 Nd8 53. Qc5 Rd7 54. Nc8 Qe8 55. Nd6 Qe7
56. Rc1 Nf7 57. Qb4 Rad8 58. Qc3 Nxd6 59. exd6+ Qg7 60. Qc5 Kg8 61. Re1 Qf6 62.
b4 Kf7 63. Kh1 Qh6 64. Qc1 Re8 65. b5 axb5 66. a6 bxa6 67. Qc6 Rdd8 68. Qc7+ Kg8
69. d7 Rf8 70. Rbxe6 Qg7 71. Re7 Qf6 72. Qc5 b4 73. Qxd5+ Kh8 74. R7e6 Qg7 75.
Re8 Qf6 76. R8e6 Qg7 77. Re7 Qf6 78. Qd1 Qg6 79. R1e6 Rf6 80. Qd4 1-0

[Event "Astana Zhuldyzdary Open A"]
[Site "Astana KAZ"]
[Date "2023.07.12"]
[Round "3.18"]
[White "Kazhgaleyev, Murtas"]
[Black "Zverev, Lev"]
[Result "1-0"]
[WhiteTitle "GM"]
[BlackTitle "FM"]
[WhiteElo "2503"]
[BlackElo "2319"]
[WhiteFideId "13700316"]
[BlackFideId "24250775"]
[EventDate "2023.07.11"]

1. d4 Nf6 2. c4 e6 3. Nc3 Bb4 4. e3 d5 5. a3 Bxc3+ 6. bxc3 c5 7. cxd5 exd5 8.
Bd3 O-O 9. Ne2 b6 10. O-O Ba6 11. Ng3 Bxd3 12. Qxd3 Nc6 13. f3 Re8 14. Bb2 Rc8
15. Rad1 c4 16. Qe2 h5 17. e4 h4 18. Nf5 dxe4 19. fxe4 Rxe4 20. Qf3 Qf8 21. Bc1
Re6 22. d5 Ne5 23. Qh3 Ree8 24. d6 Rcd8 25. Bg5 Re6 26. Qxh4 Ng6 27. Qxc4 Rd7
28. Qd4 Qa8 29. Bxf6 gxf6 30. Rde1 Qf8 31. Qg4 Rxe1 32. Rxe1 Rxd6 33. Nxd6 Qxd6
34. Qd4 Qc6 35. Re3 Ne5 36. Rg3+ Ng6 37. h4 Kh7 38. h5 Ne5 39. Qd8 Qc5+ 40. Kh1
Ng4 41. Qd3+ f5 42. Rxg4 1-0

[Event "Astana Zhuldyzdary Open A"]
[Site "Astana KAZ"]
[Date "2023.07.12"]
[Round "3.19"]
[White "Sapenov, Daniyal"]
[Black "Suleymenov, Alisher"]
[Result "0-1"]
[WhiteTitle "FM"]
[BlackTitle "IM"]
[WhiteElo "2329"]
[BlackElo "2499"]
[WhiteFideId "13728911"]
[BlackFideId "13707833"]
[EventDate "2023.07.11"]

1. d4 Nf6 2. c4 g6 3. Nc3 c5 4. d5 Bg7 5. e4 d6 6. h3 O-O 7. Nf3 e6 8. Bd3 Na6
9. O-O Nc7 10. a4 e5 11. Re1 Na6 12. Bf1 Ne8 13. Bd2 f5 14. Ra3 f4 15. Na2 h5
16. Nh2 Nf6 17. a5 Bd7 18. b4 cxb4 19. Nxb4 Nc5 20. f3 Qc7 21. Nd3 g5 22. Nf2 g4
23. hxg4 hxg4 24. Nhxg4 Bxg4 25. fxg4 Ncxe4 26. Nxe4 Nxe4 27. Bb4 Ng3 28. Qc2
Qe7 29. Bd3 e4 30. Rxe4 Qh4 31. Bc3 f3 0-1

[Event "Astana Zhuldyzdary Open A"]
[Site "Astana KAZ"]
[Date "2023.07.12"]
[Round "3.20"]
[White "Sarzhanov, Chingizkhan"]
[Black "Abdisalimov, Abdimalik"]
[Result "0-1"]
[BlackTitle "IM"]
[WhiteElo "1889"]
[BlackElo "2451"]
[WhiteFideId "13724991"]
[BlackFideId "14206323"]
[EventDate "2023.07.11"]

1. d4 Nf6 2. c4 c5 3. d5 g6 4. Nc3 Bg7 5. e4 d6 6. Nf3 O-O 7. h3 e6 8. Bd3 Na6
9. O-O Nc7 10. Rb1 Re8 11. Qc2 Rb8 12. Be3 exd5 13. cxd5 b5 14. b4 c4 15. Be2
Nxe4 16. Nxe4 Bf5 17. Nfd2 Nxd5 18. g4 Nxe3 19. fxe3 Bxe4 20. Nxe4 d5 21. Nc5
Rxe3 22. Bf3 d4 23. a4 d3 24. Qd2 Qd4 25. Kh1 c3 26. Qg2 c2 27. Rbe1 Rxe1 0-1

[Event "Astana Zhuldyzdary Open A"]
[Site "Astana KAZ"]
[Date "2023.07.12"]
[Round "3.21"]
[White "Irgaliyev, Alikhan"]
[Black "Petrosyan, Manuel"]
[Result "0-1"]
[BlackTitle "GM"]
[WhiteElo "2082"]
[BlackElo "2627"]
[WhiteFideId "13705610"]
[BlackFideId "13300857"]
[EventDate "2023.07.11"]

1. d4 Nf6 2. Nc3 d5 3. Bf4 a6 4. e3 e6 5. h4 c5 6. Nf3 Nc6 7. Ne5 Bd6 8. Nxc6
bxc6 9. Bxd6 Qxd6 10. dxc5 Qxc5 11. Qd4 Qe7 12. Qe5 O-O 13. Be2 Nd7 14. Qc7 Rb8
15. Rb1 Qc5 16. O-O e5 17. Na4 Qxc2 18. Nc3 d4 19. Rbc1 Qf5 20. exd4 exd4 21.
Na4 Rb4 22. b3 d3 23. Qd6 Rxh4 24. Qxd3 Qf6 25. Qf3 Qh6 26. g3 Ne5 27. Qg2 Bh3
28. Qh1 Qg6 29. Nc3 f5 30. Rfe1 f4 31. Qh2 Rh6 32. Bd1 Bf5 0-1

[Event "Astana Zhuldyzdary Open A"]
[Site "Astana KAZ"]
[Date "2023.07.12"]
[Round "3.22"]
[White "Kovalev, Vladislav"]
[Black "Voinikonis, Nikita"]
[Result "1-0"]
[WhiteTitle "GM"]
[BlackTitle "FM"]
[WhiteElo "2603"]
[BlackElo "2133"]
[WhiteFideId "13504398"]
[BlackFideId "34187500"]
[EventDate "2023.07.11"]

1. e4 e6 2. d4 d5 3. Bd3 dxe4 4. Bxe4 Nf6 5. Bf3 c5 6. Ne2 Nc6 7. Be3 e5 8.
Bxc6+ bxc6 9. dxe5 Qxd1+ 10. Kxd1 Ng4 11. Nd2 Nxe5 12. Re1 Ng4 13. Nf4 Kd8 14.
Ne4 Rb8 15. b3 Bf5 16. Ng3 Bd7 17. Nd3 Nxe3+ 18. Rxe3 Kc7 19. Ne4 Kb6 20. Ne5
Rb7 21. Ng5 f6 22. Nc4+ Ka6 23. Ne6 Bc8 24. Kd2 Rd7+ 25. Kc3 h5 26. Rae1 g5 27.
Nxf8 Rxf8 28. Re8 Rd8 29. Rxf8 Rxf8 30. Re7 Rd8 31. Rf7 Be6 32. Rxf6 Bxc4 33.
Kxc4 Kb6 34. Rf5 Rd4+ 35. Kc3 Rh4 36. h3 g4 37. hxg4 Rxg4 38. g3 h4 39. gxh4
Rxh4 40. Kd3 a5 41. a4 Rh3+ 42. Kd2 Rh2 43. Kd3 Rh3+ 44. f3 Rh4 45. Rf7 Rh3 46.
Rf4 Rh2 47. Rc4 Rh3 48. Ke4 Kc7 49. Kf4 Kd6 50. Re4 Rh2 51. c4 Rg2 52. Kf5 Rg3
53. Re3 Kd7 54. Kf6 Kd6 55. Rd3+ Kc7 56. Ke5 Rg8 57. f4 Re8+ 58. Kf6 Rf8+ 59.
Kg5 Rg8+ 60. Kh4 Rh8+ 61. Kg4 Rg8+ 62. Kf3 Rf8 63. Rd2 Rb8 64. Rd3 Rf8 65. Kg3
Rg8+ 66. Kh4 Rh8+ 67. Kg5 Rg8+ 68. Kh6 Rf8 69. Rf3 Kd7 70. Kg7 Rf5 71. Kg6 Rf8
72. f5 Rg8+ 73. Kf7 Rg1 74. Rd3+ Kc7 75. f6 Rg2 76. Kf8 Rf2 77. f7 Rf1 78. Rg3 1-0

[Event "Astana Zhuldyzdary Open A"]
[Site "Astana KAZ"]
[Date "2023.07.12"]
[Round "3.23"]
[White "Sethuraman, S.P."]
[Black "Lupolov, Boris"]
[Result "1-0"]
[WhiteTitle "GM"]
[WhiteElo "2602"]
[BlackElo "2121"]
[WhiteFideId "5021596"]
[BlackFideId "44130457"]
[EventDate "2023.07.11"]

1. e4 c6 2. d4 d5 3. e5 c5 4. dxc5 e6 5. Qg4 h5 6. Qf4 Bxc5 7. Nc3 Nc6 8. Nf3 f6
9. Bd3 g5 10. Qg3 g4 11. exf6 Qxf6 12. Bg5 Qg7 13. Bf4 Nge7 14. h3 Rg8 15. hxg4
hxg4 16. Ne5 Qf8 17. Nb5 Nxe5 18. Bxe5 Rg5 19. Bd6 Bb6 20. f4 Rg7 21. Be5 Rg8
22. O-O-O a6 23. Nd6+ Kd7 24. Rh7 Bc5 25. Ne4 dxe4 26. Bb5# 1-0

[Event "Astana Zhuldyzdary Open A"]
[Site "Astana KAZ"]
[Date "2023.07.12"]
[Round "3.25"]
[White "Madaminov, Mukhiddin"]
[Black "Ulkhanov, Azamat"]
[Result "1-0"]
[WhiteTitle "IM"]
[WhiteElo "2471"]
[BlackElo "2064"]
[WhiteFideId "14210703"]
[BlackFideId "13700235"]
[EventDate "2023.07.11"]

1. e4 e6 2. d4 d5 3. Nc3 Nf6 4. e5 Nfd7 5. f4 c5 6. Nf3 Nc6 7. Be3 Qb6 8. Na4
Qa5+ 9. c3 cxd4 10. b4 Qc7 11. Nxd4 Nxd4 12. Bxd4 Nb8 13. Bd3 Nc6 14. Bf2 Be7
15. O-O O-O 16. Nc5 a5 17. a3 axb4 18. axb4 Rxa1 19. Qxa1 d4 20. Be4 Rd8 21. Nd3
b6 22. cxd4 Nxb4 23. Nxb4 Bxb4 24. Qb1 Bd2 25. d5 exd5 26. Bxh7+ Kh8 27. Bxb6
Qd7 28. Bxd8 Qxd8 29. Bf5 Bxf5 30. Qxf5 Kg8 1-0

[Event "Astana Zhuldyzdary Open A"]
[Site "Astana KAZ"]
[Date "2023.07.12"]
[Round "3.26"]
[White "Novik, Maxim"]
[Black "Moldagali, Beksultan"]
[Result "1/2-1/2"]
[WhiteTitle "GM"]
[WhiteElo "2436"]
[BlackElo "2050"]
[WhiteFideId "4102924"]
[BlackFideId "13734768"]
[EventDate "2023.07.11"]

1. d4 d5 2. c4 e6 3. Nc3 Be7 4. cxd5 exd5 5. Bf4 c6 6. Qc2 Nf6 7. e3 O-O 8. Bd3
Re8 9. Nf3 Nbd7 10. O-O Nf8 11. h3 Ng6 12. Bh2 Bd6 13. Bxd6 Qxd6 14. Rab1 a5 15.
a3 Qe7 16. b4 axb4 17. axb4 b5 18. Qb2 Ne4 19. Rfc1 Bf5 20. Ra1 Qd7 21. Bf1 Nd6
22. Rxa8 Rxa8 23. Ra1 Qb7 24. Ra5 Rxa5 25. bxa5 Qa6 26. Na2 Qxa5 27. Nb4 Bd7 28.
Qc3 Ne4 29. Qb2 Qa4 30. Ne1 Nd6 31. Ned3 Nc4 32. Qc3 Be8 33. Nc5 Qa3 34. Qxa3
Nxa3 35. Kh2 Kf8 36. Kg3 Nc4 37. Bxc4 bxc4 38. f3 Ke7 39. Kf2 Kd6 40. e4 Nf4 41.
h4 Ne6 42. Nxe6 Kxe6 43. Ke3 Bd7 44. Na6 Kd6 45. Nc5 Be8 46. Kf4 Bd7 47. Ke3 Be6
48. Nb7+ Kd7 49. Nc5+ Ke7 50. Nb7 h6 51. Nc5 g6 52. Kd2 Kd6 53. Nb7+ Kd7 54.
Nc5+ Kd6 55. Nb7+ 1/2-1/2

[Event "Astana Zhuldyzdary Open A"]
[Site "Astana KAZ"]
[Date "2023.07.12"]
[Round "3.27"]
[White "Begmuratov, Khumoyun"]
[Black "Akhilbay, Imangali"]
[Result "1-0"]
[WhiteTitle "FM"]
[WhiteElo "2391"]
[BlackElo "2049"]
[WhiteFideId "14210207"]
[BlackFideId "13734857"]
[EventDate "2023.07.11"]

1. e4 c5 2. Nf3 Nc6 3. d4 cxd4 4. Nxd4 g6 5. c4 Bg7 6. Be3 Qb6 7. Nb3 Qd8 8. Qd2
Nf6 9. f3 d6 10. Nc3 O-O 11. Be2 Be6 12. O-O Rc8 13. Nd5 Nd7 14. f4 b6 15. Nd4
Nxd4 16. Bxd4 Bxd4+ 17. Qxd4 b5 18. Ne3 Bxc4 19. Bxc4 bxc4 20. Nxc4 Nb6 21. Ne3
Qc7 22. Kh1 Qc5 23. Qd3 Rfd8 24. f5 Kg7 25. Rae1 Rd7 26. Re2 f6 27. Rc2 Qxe3 28.
Qxe3 Rxc2 29. fxg6 hxg6 30. h4 Rd8 31. Rc1 Rxb2 32. Rc7 Re8 33. Rxa7 Nc4 34. Qc1
d5 35. exd5 Rc8 36. Rxe7+ Kf8 37. Re4 Nd6 38. Qh6+ 1-0

[Event "Astana Zhuldyzdary Open A"]
[Site "Astana KAZ"]
[Date "2023.07.12"]
[Round "3.28"]
[White "Bayantas, Asman"]
[Black "Kazakov, Konstantin"]
[Result "0-1"]
[BlackTitle "IM"]
[WhiteElo "2046"]
[BlackElo "2389"]
[WhiteFideId "13725254"]
[BlackFideId "13700898"]
[EventDate "2023.07.11"]

1. d4 Nf6 2. c4 Nc6 3. Nf3 e6 4. g3 Bb4+ 5. Nbd2 O-O 6. Bg2 d6 7. O-O Bxd2 8.
Bxd2 e5 9. dxe5 dxe5 10. Bc3 Qe7 11. Qc2 a5 12. b3 Re8 13. Rad1 Bg4 14. h3 Bh5
15. Nh4 Bg6 16. Nxg6 hxg6 17. Bxc6 bxc6 18. e4 a4 19. b4 Qe6 20. Be1 Qxh3 21. f3
Qe6 22. a3 Red8 23. Bf2 Qh3 24. Rxd8+ Rxd8 25. Rd1 Ra8 26. Qe2 Nh5 27. Qf1 Qe6
28. Kg2 g5 29. Qe2 g6 30. Be3 g4 31. fxg4 Nf6 32. Bg5 Nxg4 33. Rd8+ Rxd8 34.
Bxd8 f5 35. Bxc7 Qe7 36. Bb6 Nf6 37. exf5 gxf5 38. Qd2 Kf7 39. Be3 Qe6 40. Qc2
Ne4 41. Bg1 Nd6 42. Qxa4 Qxc4 43. Qa7+ Ke6 44. Qb8 Qe4+ 45. Kh2 Qe2+ 46. Kh1 Qg4
47. Bf2 f4 48. gxf4 exf4 49. Qh8 f3 50. Qh6+ Ke5 51. Qh2+ Kd5 52. Qg3 Ne4 53.
Qh2 Qh3 54. Be1 f2 0-1

[Event "Astana Zhuldyzdary Open A"]
[Site "Astana KAZ"]
[Date "2023.07.12"]
[Round "3.29"]
[White "Erserik, Adlet"]
[Black "Ibadov, Dashgyn"]
[Result "1/2-1/2"]
[BlackTitle "IM"]
[WhiteElo "1992"]
[BlackElo "2372"]
[WhiteFideId "13709658"]
[BlackFideId "24107514"]
[EventDate "2023.07.11"]

1. d4 d5 2. Bf4 Nf6 3. e3 c5 4. c3 Nc6 5. Nd2 Qb6 6. Qb3 e6 7. Ngf3 Qd8 8. Qd1
Bd6 9. Bg3 O-O 10. Bd3 Re8 11. Ne5 Qc7 12. f4 b6 13. Bh4 Be7 14. Qb1 h6 15. Ndf3
Bb7 16. Bxf6 Bxf6 17. b4 cxb4 18. cxb4 Nxe5 19. fxe5 Qc3+ 20. Ke2 Be7 21. a3
Rec8 22. Rc1 Qxc1 23. Qxc1 Rxc1 24. Rxc1 Rc8 25. Rxc8+ Bxc8 26. Bb5 a6 27. Bd3
a5 28. bxa5 bxa5 29. a4 f6 30. Bb5 Kf7 31. g4 f5 32. h3 g6 33. Kf2 g5 34. Ne1
Bb4 35. Nd3 Bc3 36. Ke2 f4 37. Ne1 fxe3 38. Nf3 Bd2 1/2-1/2

[Event "Astana Zhuldyzdary Open A"]
[Site "Astana KAZ"]
[Date "2023.07.12"]
[Round "3.31"]
[White "Tyurin, Artem"]
[Black "Kenbeilov, Timur"]
[Result "1-0"]
[WhiteTitle "FM"]
[WhiteElo "2342"]
[BlackElo "1989"]
[WhiteFideId "44130112"]
[BlackFideId "13715755"]
[EventDate "2023.07.11"]

1. c4 Nf6 2. Nc3 e6 3. Nf3 d5 4. d4 Be7 5. Bf4 b6 6. e3 O-O 7. Bd3 Bb7 8. O-O
Nbd7 9. Rc1 c5 10. cxd5 Nxd5 11. Nxd5 Bxd5 12. e4 Bb7 13. d5 exd5 14. exd5 Bxd5
15. Bxh7+ Kxh7 16. Qxd5 Nf6 17. Qf5+ Kg8 18. Rfe1 Re8 19. Rcd1 Qc8 20. Qc2 Bf8
21. Be5 Ng4 22. Bc3 Rxe1+ 23. Rxe1 Nh6 24. h3 Qf5 25. Qa4 g6 26. Qc6 Rd8 27. g4
Nxg4 28. hxg4 Qxg4+ 29. Kh1 Rd6 30. Nh2 Qc4 31. Qe4 Qxa2 32. Ng4 Re6 33. Nf6+
Kg7 34. Qh4 Rxe1+ 35. Kg2 Rg1+ 36. Kxg1 1-0

[Event "Astana Zhuldyzdary Open A"]
[Site "Astana KAZ"]
[Date "2023.07.12"]
[Round "3.32"]
[White "Ashraf, Artin"]
[Black "Akhmedinov, Satbek"]
[Result "1-0"]
[WhiteTitle "FM"]
[BlackTitle "CM"]
[WhiteElo "2309"]
[BlackElo "1974"]
[WhiteFideId "22514805"]
[BlackFideId "13714287"]
[EventDate "2023.07.11"]

1. c4 Nf6 2. Nc3 e5 3. e3 d5 4. cxd5 Nxd5 5. Qh5 Qd6 6. f4 Nd7 7. fxe5 Nxe5 8.
d4 Nxc3 9. bxc3 Ng6 10. e4 Bd7 11. Bd3 Nf4 12. Bxf4 Qxf4 13. Ne2 Qe3 14. Qf3
Qxf3 15. gxf3 f6 16. Kf2 Bd6 17. f4 O-O 18. Ke3 c5 19. Rhf1 b5 20. Rab1 Rab8 21.
e5 Rfe8 22. Be4 Bf8 23. Bd5+ Kh8 24. Ke4 g6 25. Ng3 b4 26. f5 gxf5+ 27. Nxf5
fxe5 28. dxe5 bxc3 29. Rxb8 Bxf5+ 30. Rxf5 Rxb8 31. Kd3 Bg7 32. e6 c4+ 33. Bxc4
Rc8 34. Bb3 Rc7 35. a4 h6 36. h4 Rb7 37. Bc4 Rc7 38. Bb3 Rb7 39. Kc2 Bd4 40.
Rf8+ Kg7 41. Rg8+ Kh7 42. Rc8 Kg6 43. a5 Bf6 44. Rc6 Kh5 45. a6 Rg7 46. Kd3 Kxh4
47. Ke4 Kg4 48. Rc5 Rg5 49. Rc7 Rg8 50. Bc4 Rg6 51. e7 Bxe7 52. Rxe7 c2 53. Rc7
c1=Q 54. Be2+ Kg3 55. Rxc1 Re6+ 56. Kd3 Rxa6 57. Rg1+ Kh4 58. Rh1+ Kg5 59. Rg1+
Kf6 60. Rg4 Kf5 61. Rb4 Rd6+ 62. Ke3 Re6+ 63. Kf3 Rd6 64. Ra4 Rd7 65. Bb5 Rc7
66. Bd3+ Ke5 67. Ke3 Kd6 68. Kd4 h5 69. Ra6+ Rc6 70. Rxa7 Rc1 71. Rh7 h4 72.
Rxh4 Rd1 73. Ke3 Ke5 74. Rh5+ Ke6 75. Ke4 Re1+ 76. Kf4 Rd1 77. Rh6+ Ke7 78. Be4
Ra1 79. Ke5 Ra5+ 80. Bd5 Rb5 81. Rh7+ Ke8 82. Kd6 Rb6+ 83. Bc6+ Kf8 84. Rh2 Kf7
85. Rf2+ Kg6 86. Kc5 Rb8 87. Kd4 Rc8 88. Bd5 Kg5 89. Ke5 Rc1 90. Rg2+ Kh6 91.
Be6 Rf1 92. Bf5 Kh5 93. Kf6 Kh4 94. Rg4+ Kh5 95. Rg3 Rf4 96. Rc3 Ra4 97. Ke5 Kh4
98. Kf6 Kh5 99. Ke5 Kh4 100. Rh3+ Kg5 101. Rg3+ Kh4 102. Rg8 Rb4 103. Be4 Kh5
104. Kf5 Kh6 105. Bd5 Rb5 106. Kf6 Kh5 107. Be6 Kh4 108. Rg4+ Kh5 109. Rc4 Rb6
110. Rc3 Rb4 111. Rg3 Ra4 112. Bf5 Ra6+ 113. Ke5 Ra5+ 114. Kf4 Ra4+ 115. Be4 Kh6
116. Rg6+ Kh5 117. Rg7 Ra6 118. Rd7 Rb6 119. Kf5 Kh6 120. Kg4 Rb7 1-0

[Event "Astana Zhuldyzdary Open A"]
[Site "Astana KAZ"]
[Date "2023.07.12"]
[Round "3.33"]
[White "Radzhabov, Rodion"]
[Black "Zhaksygulov, Askarbai"]
[Result "1-0"]
[WhiteTitle "FM"]
[WhiteElo "2303"]
[BlackElo "1974"]
[WhiteFideId "884715"]
[BlackFideId "13727427"]
[EventDate "2023.07.11"]

1. e4 c6 2. Nc3 d5 3. Qe2 d4 4. Nd1 e5 5. g3 c5 6. d3 Nc6 7. f4 Bd6 8. Nf3 Bg4
9. Nf2 Bd7 10. Bg2 Qc7 11. O-O O-O-O 12. fxe5 Nxe5 13. Nxe5 Bxe5 14. Ng4 Nf6 15.
Nxe5 Qxe5 16. Bf4 Qe6 17. Bg5 Qb6 18. Qf2 Be6 19. a4 a6 20. b3 Ng4 21. Bxd8 Qxd8
22. Qd2 Ne5 23. Qf4 f6 24. h4 h5 25. Bf3 b6 26. Be2 Kb7 27. Rf2 Qe7 28. Raf1 Ng6
29. Qf3 Ne5 30. Qg2 Qf7 31. Kh2 Qg6 32. Rf4 Rh6 33. Bd1 Qe8 34. Qd2 Qd7 35. Be2
Qd6 36. R4f2 Bd7 37. Qd1 Qe6 38. Rg2 Qe8 39. Rff2 Qe6 40. Kg1 Qe8 41. Rh2 Qe7
42. Kf1 Ng6 43. Qd2 Qd6 44. Kg2 Ne5 45. Rh1 Rh8 46. Qd1 Be8 47. Rf4 Bd7 48. Qd2
Qf8 49. Rhf1 Qd6 50. Rf5 Qe6 51. Qf4 Ka7 52. Qf2 Nf7 53. Rd5 Qe8 54. Rf5 Nh6 55.
Rd5 Qe6 56. Kg1 Qh3 57. Rxh5 Qe6 58. Rxh6 Rxh6 59. Qg2 Bc8 60. Rf5 Rg6 61. Rd5
Qe8 62. Qf3 1-0

[Event "Astana Zhuldyzdary Open A"]
[Site "Astana KAZ"]
[Date "2023.07.12"]
[Round "3.34"]
[White "Goganova, Yana"]
[Black "Bizhigitov, Zhangir"]
[Result "0-1"]
[WhiteTitle "WFM"]
[BlackTitle "FM"]
[WhiteElo "1958"]
[BlackElo "2255"]
[WhiteFideId "34115428"]
[BlackFideId "13725599"]
[EventDate "2023.07.11"]

1. e4 e6 2. d4 d5 3. Nd2 c5 4. exd5 Qxd5 5. dxc5 Qxc5 6. Ngf3 Nf6 7. Bd3 Be7 8.
O-O Qc7 9. Nd4 a6 10. c4 Nbd7 11. a3 O-O 12. b4 b6 13. Bb2 Bb7 14. Re1 Rfe8 15.
h3 Rad8 16. Qb3 Bf8 17. Bf1 g6 18. Rad1 Bg7 19. Be2 e5 20. Nc2 e4 21. Ne3 Ne5
22. Nb1 Bh6 23. Bd4 Rd7 24. Qb2 Bg7 25. Nc3 Nd3 26. Bxd3 Rxd4 27. Nb5 axb5 28.
Qxd4 Ng4 29. Nxg4 Bxd4 30. Bxe4 Bc3 31. Re3 Rxe4 32. Rxc3 Kg7 33. c5 h5 34. Ne3
Qe5 35. Rdc1 bxc5 36. Rxc5 Qd4 37. R1c3 Qf6 38. f3 Rd4 39. Rxb5 Rd2 40. Rbc5 Qh4
41. Re5 Qd4 0-1